Sunclocks : Paper Sundials To Make and Use /

El volumen es un manual para elaborar relojes de sol de papel, incluye una introducción sobre el tema, y la elaboración de relojes de sol horizontales, verticales o ecuatoriales.

Na minha lista:
Detalhes bibliográficos
Autor principal: Trionfante, Jeffrey V. (autor)
Formato: Livro
Idioma:inglês
Publicado em: Carson City, EUA : JVT, 1999, c1999
Assuntos:
Tags: Adicionar Tag
Sem tags, seja o primeiro a adicionar uma tag!

MARC

LEADER 00000nam^a2200000^a^4500
001 000189519
005 20250521000000.0
009 20260310102415.381
020 |a 1-893812-51-0 
037 |a Acervo ITESO - Biblioteca 
041 |a ING 
082 |a 681. 111  |b TRI 
100 |a Trionfante, Jeffrey V.  |e (autor) 
245 1 0 |a Sunclocks :  |b Paper Sundials To Make and Use /  |c J.V. Trionfante. 
264 4 |a Carson City, EUA :  |b JVT,  |c 1999, c1999 
300 |a 56, [4] p. 
336 |a texto  |b txt  |2 rdacontenido 
337 |a sin mediación  |b n  |2 rdamedio 
338 |a volumen  |b nc  |2 rdasoporte 
520 |a El volumen es un manual para elaborar relojes de sol de papel, incluye una introducción sobre el tema, y la elaboración de relojes de sol horizontales, verticales o ecuatoriales. 
649 |a XX 
650 |a Relojes de Sol 
650 |a Juguetes 
650 |a Tiempo -  |x Medición 
910 |a Fondo General 
920 |a Impresos - Libros 
930 |a Colección General 
905 |a 101 
901 |a 0500132577  |b IT1  |c ACC  |u 20250521 
902 |a https://opac.biblio.iteso.mx/vufind/Record/000189519